| 000 | 00366nam a2200145 a 4500 | ||
|---|---|---|---|
| 001 | 3283 | ||
| 003 | CDMR | ||
| 005 | 20130326115156.0 | ||
| 008 | 130130s1987||||||||||||||||||||||||||||d | ||
| 040 |
_aCDMR _bcat _cCPC LLEIDA |
||
| 100 | 1 |
_aSol Clot, Romà _947 |
|
| 245 | 1 | 0 |
_aQuatre polítics lleidatans _cSOL CLOT, Romà |
| 260 |
_aLleida _c1987 _bPagès |
||
| 942 |
_cMON _2udc |
||
| 999 |
_c3283 _d3283 |
||